“撤县设市”后更名的县级市(东北,华北篇) County-level cities changed their name#1 - Statistics

General Stats
  • This quiz has been taken 58 times
  • The average score is 17 of 21
Answer Stats
所属地级行政区 旧名(作为县) 现名(作为县级市) % Correct
营口市 盖县 盖州市
100%
保定市 涿县 涿州市
98%
临汾市 霍县 霍州市
98%
保定市 定县 定州市
96%
廊坊市 霸县 霸州市
96%
衡水市 深县 深州市
96%
唐山市 滦县 滦州市
96%
大连市 复县 瓦房店市
96%
丹东市 东沟县 东港市
96%
石家庄市 晋县 晋州市
90%
呼伦贝尔市 额尔古纳右旗 额尔古纳市
84%
营口市 营口县 大石桥市
82%
保定市 新城县 高碑店市
78%
呼伦贝尔市 额尔古纳左旗 根河市
76%
长春市 怀德县 公主岭市
73%
通化市 海龙县 梅河口市
71%
呼伦贝尔市 喜桂图旗 牙克石市
69%
锡林郭勒盟 阿巴哈纳尔旗 锡林浩特市
69%
呼伦贝尔市 布特哈旗 扎兰屯市
67%
石家庄市 束鹿县 辛集市
57%
锦州市 锦县 凌海市
43%
No matching quizzes found
Score Distribution
Percent of People with Each Score
Percentile by Number Answered
Your Score History
You have not taken this quiz